| 000 | 00768cem a22001935a 4500 | ||
|---|---|---|---|
| 001 | L157119 | ||
| 008 | 120904s1819 xxk f 000 0 eng d | ||
| 035 | _a(Sirsi) u157119 | ||
| 041 | 0 | _aeng | |
| 100 | 1 | _aMogg, Edward | |
| 245 | 0 | 0 |
_aLondon in miniature, with the surrounding villages _ban entire new plan in which the improvements ... are ... reduced ... from the surveys of the ... proprietors ... laid down ... and carefully corrected ... _cby Edward Mogg |
| 260 |
_aLondon _bE. Mogg _c1819 |
||
| 300 |
_a1 map _bcol., dissected and mounted on linen _c54 x 94 cm., folded to 19 x 14 cm. |
||
| 520 | _aScale: c. 4 inches to a mile. | ||
| 583 |
_aCondition reviewed _c20120620 _lcondition level 4 |
||
| 651 | 4 | _aLondon | |
| 690 |
_aGeomatics _96242 |
||
| 942 | _n0 | ||
| 999 |
_c114609 _d114609 |
||